00361nam a22001457a 4500003000400000008004100004020001800045082001500063100001700078245005300095250001100148260003000159300000800189650001800197OSt250424b |||||||| |||| 00| 0 eng d a9781032822686 a006.33 DAC aDAS,Ravindra aGenerative AI Phishing and Cybersecurity Metrics a1st Ed aNew YorkbCRC Pressc2025 a165 aGenerative AI